<?xml version="1.0" encoding="UTF-8"?>
<collection xmlns="http://www.loc.gov/MARC21/slim">
 <record>
  <leader>03283cam a2200685   4500</leader>
  <controlfield tag="001">279501323</controlfield>
  <controlfield tag="003">DE-627</controlfield>
  <controlfield tag="005">20250123234611.0</controlfield>
  <controlfield tag="007">tu</controlfield>
  <controlfield tag="008">961111s1996    it |||||      00| ||ita c</controlfield>
  <datafield tag="020" ind1=" " ind2=" ">
   <subfield code="a">8881180375</subfield>
   <subfield code="9">88-8118-037-5</subfield>
  </datafield>
  <datafield tag="035" ind1=" " ind2=" ">
   <subfield code="a">(DE-627)279501323</subfield>
  </datafield>
  <datafield tag="035" ind1=" " ind2=" ">
   <subfield code="a">(DE-576)055413846</subfield>
  </datafield>
  <datafield tag="035" ind1=" " ind2=" ">
   <subfield code="a">(DE-599)GBV279501323</subfield>
  </datafield>
  <datafield tag="035" ind1=" " ind2=" ">
   <subfield code="a">(OCoLC)231689593</subfield>
  </datafield>
  <datafield tag="035" ind1=" " ind2=" ">
   <subfield code="a">(OCoLC)35075340</subfield>
  </datafield>
  <datafield tag="035" ind1=" " ind2=" ">
   <subfield code="a">(ZDB-21-EIL)96211296</subfield>
  </datafield>
  <datafield tag="040" ind1=" " ind2=" ">
   <subfield code="a">DE-627</subfield>
   <subfield code="b">ger</subfield>
   <subfield code="c">DE-627</subfield>
   <subfield code="e">rakwb</subfield>
  </datafield>
  <datafield tag="041" ind1=" " ind2=" ">
   <subfield code="a">ita</subfield>
  </datafield>
  <datafield tag="044" ind1=" " ind2=" ">
   <subfield code="c">XA-IT</subfield>
  </datafield>
  <datafield tag="050" ind1=" " ind2="0">
   <subfield code="a">ND</subfield>
  </datafield>
  <datafield tag="050" ind1=" " ind2="0">
   <subfield code="a">ND2757.A8</subfield>
  </datafield>
  <datafield tag="082" ind1="0" ind2=" ">
   <subfield code="a">759</subfield>
  </datafield>
  <datafield tag="084" ind1=" " ind2=" ">
   <subfield code="a">9,10</subfield>
   <subfield code="2">ssgn</subfield>
  </datafield>
  <datafield tag="084" ind1=" " ind2=" ">
   <subfield code="a">LI 33909</subfield>
   <subfield code="2">rvk</subfield>
   <subfield code="0">(DE-625)rvk/96107:13287</subfield>
  </datafield>
  <datafield tag="245" ind1="1" ind2="3">
   <subfield code="a">Il cantiere di Giotto</subfield>
   <subfield code="b">le storie di San Francesco ad Assisi</subfield>
   <subfield code="c">Bruno Zanardi. Note storico-iconografiche di Chiara Frugoni</subfield>
  </datafield>
  <datafield tag="263" ind1=" " ind2=" ">
   <subfield code="a">L250000</subfield>
  </datafield>
  <datafield tag="264" ind1=" " ind2="1">
   <subfield code="a">Milano</subfield>
   <subfield code="b">Skira Ed.</subfield>
   <subfield code="c">1996</subfield>
  </datafield>
  <datafield tag="300" ind1=" " ind2=" ">
   <subfield code="a">413 S.</subfield>
   <subfield code="b">überw. Ill.</subfield>
   <subfield code="e">1 loses Faltbl.</subfield>
  </datafield>
  <datafield tag="336" ind1=" " ind2=" ">
   <subfield code="a">Text</subfield>
   <subfield code="b">txt</subfield>
   <subfield code="2">rdacontent</subfield>
  </datafield>
  <datafield tag="337" ind1=" " ind2=" ">
   <subfield code="a">ohne Hilfsmittel zu benutzen</subfield>
   <subfield code="b">n</subfield>
   <subfield code="2">rdamedia</subfield>
  </datafield>
  <datafield tag="338" ind1=" " ind2=" ">
   <subfield code="a">Band</subfield>
   <subfield code="b">nc</subfield>
   <subfield code="2">rdacarrier</subfield>
  </datafield>
  <datafield tag="490" ind1="0" ind2=" ">
   <subfield code="a">Grandi libri Skira</subfield>
  </datafield>
  <datafield tag="500" ind1=" " ind2=" ">
   <subfield code="a">Important technical analysis of the organization and execution of Giotto's frescoes in the basilica at Assisi. - Criticals</subfield>
  </datafield>
  <datafield tag="583" ind1="1" ind2=" ">
   <subfield code="a">Archivierung/Langzeitarchivierung gewährleistet</subfield>
   <subfield code="f">SSG</subfield>
   <subfield code="x">XA-DE-BW</subfield>
   <subfield code="2">pdager</subfield>
   <subfield code="5">DE-16</subfield>
  </datafield>
  <datafield tag="653" ind1=" " ind2="0">
   <subfield code="a">Mural painting and decoration, Italian</subfield>
   <subfield code="a">Expertising</subfield>
   <subfield code="a">Italy</subfield>
   <subfield code="a">Assisi</subfield>
  </datafield>
  <datafield tag="653" ind1=" " ind2="0">
   <subfield code="a">Mural painting and decoration, Medieval</subfield>
   <subfield code="a">Expertising</subfield>
   <subfield code="a">Italy</subfield>
   <subfield code="a">Assisi</subfield>
  </datafield>
  <datafield tag="653" ind1=" " ind2="0">
   <subfield code="a">Francis</subfield>
   <subfield code="a">of Assisi, Saint</subfield>
   <subfield code="a">1182-1226</subfield>
   <subfield code="a">Art</subfield>
  </datafield>
  <datafield tag="653" ind1=" " ind2="0">
   <subfield code="a">San Francesco (Church : Assisi, Italy)</subfield>
  </datafield>
  <datafield tag="655" ind1=" " ind2="7">
   <subfield code="a">Bildband</subfield>
   <subfield code="0">(DE-588)4145395-5</subfield>
   <subfield code="0">(DE-627)104450835</subfield>
   <subfield code="0">(DE-576)209741139</subfield>
   <subfield code="2">gnd-content</subfield>
  </datafield>
  <datafield tag="689" ind1="0" ind2="0">
   <subfield code="d">p</subfield>
   <subfield code="0">(DE-588)118539477</subfield>
   <subfield code="0">(DE-627)079338909</subfield>
   <subfield code="0">(DE-576)161119166</subfield>
   <subfield code="a">Giotto</subfield>
   <subfield code="c">di Bondone</subfield>
   <subfield code="d">1266-1337</subfield>
   <subfield code="2">gnd</subfield>
  </datafield>
  <datafield tag="689" ind1="0" ind2="1">
   <subfield code="d">s</subfield>
   <subfield code="0">(DE-588)4071463-9</subfield>
   <subfield code="0">(DE-627)106097636</subfield>
   <subfield code="0">(DE-576)209184043</subfield>
   <subfield code="a">Freskomalerei</subfield>
   <subfield code="2">gnd</subfield>
  </datafield>
  <datafield tag="689" ind1="0" ind2="2">
   <subfield code="d">p</subfield>
   <subfield code="0">(DE-588)118534963</subfield>
   <subfield code="0">(DE-627)136187161</subfield>
   <subfield code="0">(DE-576)208922911</subfield>
   <subfield code="a">Franz</subfield>
   <subfield code="c">von Assisi, Heiliger</subfield>
   <subfield code="d">1182-1226</subfield>
   <subfield code="2">gnd</subfield>
  </datafield>
  <datafield tag="689" ind1="0" ind2="3">
   <subfield code="d">g</subfield>
   <subfield code="0">(DE-588)4330408-4</subfield>
   <subfield code="0">(DE-627)133216594</subfield>
   <subfield code="0">(DE-576)211311235</subfield>
   <subfield code="a">San Francesco</subfield>
   <subfield code="g">Assisi</subfield>
   <subfield code="g">Oberkirche</subfield>
   <subfield code="2">gnd</subfield>
  </datafield>
  <datafield tag="689" ind1="0" ind2=" ">
   <subfield code="5">(DE-627)</subfield>
  </datafield>
  <datafield tag="700" ind1="1" ind2=" ">
   <subfield code="8">1\p</subfield>
   <subfield code="a">Zanardi, Bruno</subfield>
   <subfield code="d">1948-</subfield>
   <subfield code="0">(DE-588)131603825</subfield>
   <subfield code="0">(DE-627)511283881</subfield>
   <subfield code="0">(DE-576)257392696</subfield>
   <subfield code="4">oth</subfield>
  </datafield>
  <datafield tag="700" ind1="0" ind2=" ">
   <subfield code="a">Giotto</subfield>
   <subfield code="c">di Bondone</subfield>
   <subfield code="d">1266-1337</subfield>
   <subfield code="e">Ill.</subfield>
   <subfield code="0">(DE-588)118539477</subfield>
   <subfield code="0">(DE-627)079338909</subfield>
   <subfield code="0">(DE-576)161119166</subfield>
   <subfield code="4">ill</subfield>
  </datafield>
  <datafield tag="787" ind1="0" ind2="8">
   <subfield code="i">Rezensiert in</subfield>
   <subfield code="a">Martin, Frank, 1961 - 2014</subfield>
   <subfield code="t">[Rezension von: Bruno Zanardi, II cantiere di Giotto]</subfield>
   <subfield code="d">Regensburg : Schnell und Steiner, 1998</subfield>
   <subfield code="w">(DE-627)1549902342</subfield>
   <subfield code="w">(DE-576)479902348</subfield>
  </datafield>
  <datafield tag="883" ind1=" " ind2=" ">
   <subfield code="8">1</subfield>
   <subfield code="a">cgwrk</subfield>
   <subfield code="d">20241001</subfield>
   <subfield code="q">DE-101</subfield>
   <subfield code="u">https://d-nb.info/provenance/plan#cgwrk</subfield>
  </datafield>
  <datafield tag="889" ind1=" " ind2=" ">
   <subfield code="w">(DE-627)22283787X</subfield>
  </datafield>
  <datafield tag="935" ind1=" " ind2=" ">
   <subfield code="i">mdedup</subfield>
  </datafield>
  <datafield tag="935" ind1=" " ind2=" ">
   <subfield code="i">Blocktest</subfield>
  </datafield>
  <datafield tag="936" ind1="r" ind2="v">
   <subfield code="a">LI 33909</subfield>
   <subfield code="b">Monographien und Bildbände zu einzelnen Kunstwerken</subfield>
   <subfield code="k">Kunstgeschichte</subfield>
   <subfield code="k">Künstler-Monografien</subfield>
   <subfield code="k">Alphabetische Künstlerliste</subfield>
   <subfield code="k">Künstler G</subfield>
   <subfield code="k">Giotto di Bondone (bis LI 33910)</subfield>
   <subfield code="k">Monographien und Bildbände zu einzelnen Kunstwerken</subfield>
   <subfield code="0">(DE-627)1271711907</subfield>
   <subfield code="0">(DE-625)rvk/96107:13287</subfield>
   <subfield code="0">(DE-576)201711907</subfield>
  </datafield>
  <datafield tag="951" ind1=" " ind2=" ">
   <subfield code="a">BO</subfield>
  </datafield>
  <datafield tag="990" ind1=" " ind2=" ">
   <subfield code="a">Giotto &lt;di Bondone&gt; </subfield>
  </datafield>
  <datafield tag="990" ind1=" " ind2=" ">
   <subfield code="a">Freskomalerei</subfield>
  </datafield>
  <datafield tag="990" ind1=" " ind2=" ">
   <subfield code="a">Franz &lt;von Assisi, Heiliger&gt; </subfield>
  </datafield>
  <datafield tag="990" ind1=" " ind2=" ">
   <subfield code="a">San Francesco</subfield>
  </datafield>
  <datafield tag="991" ind1=" " ind2=" ">
   <subfield code="a">Rezensiertes Werk</subfield>
  </datafield>
  <datafield tag="999" ind1=" " ind2=" ">
   <subfield code="a">KXP-PPN279501323</subfield>
   <subfield code="e">400839396X</subfield>
  </datafield>
 </record>
</collection>
